00755nam a2200193 a 450000100100000000500170001000800410002704000250006808200140009310000440010724501040015126000530025530000200030865000640032865000290039204900090042195201140043099900170054400002984420240320074002.0090925s1994 dr 000 0 spa d aDO-SdBNPbspacBNPHU a271.072931 aBello Peguero, Rafael,d1932-20229240510aNombramientos eclesiásticos 1884-1984 :bacto de puesta en circulación /cRafael Bello Peguero. aSanto Domingo :aEditora Amigo del Hogar,c1994. a27 p. ;c23 cm. 4aIglesia católicaxHistoriazRepública Dominicana923682 4aOrdenes religiosas97137 aBNPD 0010718PDaPDbPDcCTd2011-04-26iLF1l0o271.07293 p29844-10r2020-06-25w2020-06-25yLFPDZNo se presta c29336d29336